| 000 | 01339nam a2200337 4500 | ||
|---|---|---|---|
| 001 | bimo0000343871 | ||
| 003 | SpMaBN | ||
| 005 | 20190605091759.0 | ||
| 008 | 880610s1985 sp a 001 spa | ||
| 016 | 7 |
_abimoBNE19930716701 _zIBH8505923140 _2SpMaBN |
|
| 017 |
_aB 34712-1985 _bOficina Depósito Legal Barcelona |
||
| 020 | _a8434523752 | ||
| 035 | _a(OCoLC)435369907 | ||
| 040 |
_aIBH _cIUNIR |
||
| 041 | 1 | _aspa | |
| 080 | 0 | _a616.9-055.2 | |
| 100 | 1 |
_aMonif, Gilles R.G. _0XX1036177 |
|
| 245 | 1 | 0 |
_aEnfermedades infecciosas en obstetricia y ginecología _h[Texto impreso] _cGilles R.G. Monif, con 19 colaboradores ; [traducción, José Ignacio Chacón López-Muñiz, Alfredo García Passigli, Rafael Echevarría Ramos ; revisión científica, Montserrat Creus Ferrer] |
| 260 |
_aBarcelona _bSalvat _c1985 |
||
| 300 |
_aXX, 645 p. _bil. _c27 cm |
||
| 650 | 7 |
_aEnfermedades infecciosas _2embne |
|
| 650 | 7 |
_aEnfermedades infecciosas en el embarazo _2embne |
|
| 650 | 7 |
_aObstetricia _9283 |
|
| 650 | 7 |
_aginecología _9100 |
|
| 700 | 1 | _aCreus Ferrer, Montserrat | |
| 942 |
_2cdu _cBK |
||
| 956 | _a1 2 | ||
| 980 |
_aB 34712-1985 _a84-345-2375-2 _aM-BN _bBNMADRID _j3/84407 _cSG_RECOLET |
||
| 980 |
_aB 34712-1985 _aM-BN _bBNALCALA _jAHM/53485 _cSALA_ALC |
||
| 980 |
_aB 34712-1985 _a84-345-2375-2 _aM-BN _bBNALCALA _jDL/296413 _cCONSERVACI |
||
| 999 |
_c4704 _d4704 |
||